LEADER 00968nam2-2200337---450- 001 990003612730203316 005 20120118142032.0 010 $a978-88-02-07750-5 035 $a000361273 035 $aUSA01000361273 035 $a(ALEPH)000361273USA01 035 $a000361273 100 $a20120118d2007----km-y0itay50------ba 101 $aita 102 $aIT 105 $a||||||||001yy 200 1 $a[3]: Atlante 1$e˜i œsoggetti e i temi$fdirezione scientifica di Marcello Flores 210 $aTorino$cUTET$d2007 215 $aXXIII, 633 p.$cill., carte geografiche$d25 cm 461 1$1001000361264$12001 606 0 $aDiritti umani$xStoria$2BNCF 676 $a323 702 1$aFLORES,$bMarcello 801 0$aIT$bsalbc$gISBD 912 $a990003612730203316 951 $a323 DIR 1 3$b233415 L.M.$c323 DIR$d00305335 959 $aBK 969 $aECO 979 $aMARTUCCIEL$b90$c20120118$lUSA01$h1420 996 $aAtlante 1$91137357 997 $aUNISA LEADER 01233nam--2200397---450- 001 990003484510203316 005 20110118144451.0 010 $a978-88-430-5342-1 035 $a000348451 035 $aUSA01000348451 035 $a(ALEPH)000348451USA01 035 $a000348451 100 $a20110117d2010----km-y0itay50------ba 101 0 $aita 102 $aIT 105 $a||||||||001yy 200 1 $aInterventi organizzativi e politiche di genere$fBarbara Poggio, Annalisa Murgia, Maura De Bon 210 $aRoma$cCarocci$d2010 215 $a123 p.$d20 cm 225 2 $a<> bussole$v392 410 0$12001$a<> bussole$v392 606 0 $aAziende$xPersonale$xGestione$2BNCF 676 $a658.312 700 1$aPOGGIO,$bBarbara$0609229 701 1$aMURGIA,$bAnnalisa$0609230 701 1$aDE BON,$bMaura$0609231 801 0$aIT$bsalbc$gISBD 912 $a990003484510203316 951 $a658.312 POG 1$b229950 L.M.$c658.312 POG$d00295204 959 $aBK 969 $aECO 979 $aPASSARO$b90$c20110117$lUSA01$h1528 979 $aPASSARO$b90$c20110118$lUSA01$h1444 979 $aPASSARO$b90$c20110118$lUSA01$h1444 996 $aInterventi organizzativi e politiche di genere$91110729 997 $aUNISA LEADER 02907nam 2200721 450 001 9910807992903321 005 20230808201120.0 010 $a0-271-07786-7 024 7 $a10.1515/9780271077864 035 $a(CKB)3710000001000721 035 $a(OCoLC)1080549910 035 $a(MdBmJHUP)muse68683 035 $a(MiAaPQ)EBC6224401 035 $a(DE-B1597)583875 035 $a(OCoLC)1266227801 035 $a(DE-B1597)9780271077864 035 $a(EXLCZ)993710000001000721 100 $a20200929d2016 ub 0 101 0 $aeng 135 $aur|||||||nn|n 181 $ctxt$2rdacontent 182 $cc$2rdamedia 183 $acr$2rdacarrier 200 14$aThe evolution of taste in American collecting /$fRene? Brimo ; translated, edited, and with an introduction by Kenneth Haltman 210 1$aUniversity Park, Pennsylvania :$cThe Pennsylvania State University Press,$d[2016] 210 4$d©2016 215 $a1 online resource (x, 405 pages ) 300 $aOriginally published as L'e?volution du gou?t aux E?tats-Unis d'apre?s l'histoire des collections by Rene? Brimo (Paris, 1938). 311 $a0-271-07324-1 320 $aIncludes bibliographical references (pages 433-370) and index. 327 $tFrontmatter -- $tContents -- $tIllustrations -- $tAcknowledgments -- $tMaking Sense of an Unusual Contribution to Art History -- $tNotes -- $tTh e Evolution of Taste in American Collecting -- $tPreface -- $tIntroduction -- $tBook 1: Early Developments: From the Colonial Period to the Philadelphia Centennial -- $tBook 2: The Triumph of Quality: Major Collections from the Philadelphia Centennial to the Great War -- $tConclusion -- $tNotes -- $tBibliography -- $tIndex 330 $a"A critical translation of Rene Brimo's 1938 French study of eighteenth- and nineteenth-century patronage and art collecting in the United States"--Provided by publisher. 606 $aAesthetics 606 $aArt museums$zUnited States 606 $aArt$xCollectors and collecting$zUnited States 606 $aArt$zUnited States$xHistory 610 $aAmerica. 610 $aBrimo. 610 $aHaltman. 610 $aUnited States. 610 $aart history. 610 $aart. 610 $aunited states. 610 $aus. 610 $ausa. 610 $a?European art market?. 610 $a?art collecting?. 610 $a?biographical study?. 610 $a?patronage?. 615 0$aAesthetics. 615 0$aArt museums 615 0$aArt$xCollectors and collecting 615 0$aArt$xHistory. 676 $a709.73 700 $aBrimo$b Rene?$f1911-1948,$01597597 702 $aHaltman$b Kenneth$f1957- 801 0$bMiAaPQ 801 1$bMiAaPQ 801 2$bMiAaPQ 906 $aBOOK 912 $a9910807992903321 996 $aThe evolution of taste in American collecting$93919387 997 $aUNINA LEADER 01748nas 2200385 n 450 001 990008928980403321 005 20240229084544.0 011 $a0376-0626 035 $a000892898 035 $aFED01000892898 035 $a(Aleph)000892898FED01 035 $a000892898 091 $2CNR$aP 00073254 100 $a20161109b19321965km-y0itaa50------ba 101 0 $afre 110 $aauu-------- 200 1 $aBulletin de l'Institut Agronomique et des stations de recherches de Gembloux 207 1$a1932-1965 210 $aGembloux$c[s.n.] 440 0$1001000893020$12001$aBulletin de recherches agronomiques de Gembloux 530 0 $aBulletin de l'Institut Agronomique et des stations de recherches de Gembloux 675 $a63 675 $a001.891 675 $a631 712 02$aInstitut Agronomique de Gembloux 801 0$aIT$bACNP$c20090723 859 4 $uhttp://acnp.cib.unibo.it/cgi-ser/start/it/cnr/dc-p1.tcl?catno=47444&person=false&language=ITALIANO&libr=&libr_th=unina1$zBiblioteche che possiedono il periodico 901 $aSE 912 $a990008928980403321 958 $aBiblioteca Centralizzata. Facoltà di Agraria dell'Università Federico II di Napoli$b1932-1942;1960;$fFAGBC 959 $aFAGBC 996 $aBulletin de l'Institut Agronomique et des stations de recherches de Gembloux$9798329 997 $aUNINA AP1 8 $6866-01$aNA087 Biblioteca Centralizzata. Facoltà di Agraria dell'Università Federico II di Napoli$ev. Università, 100 Palazzo Reale, 80055 Portici (NA)$m081-2539322$m081-7760229$nit AP2 40$aacnp.cib.unibo.it$nACNP Italian Union Catalogue of Serials$uhttp://acnp.cib.unibo.it/cgi-ser/start/it/cnr/df-p.tcl?catno=47444&language=ITALIANO&libr=&person=&B=1&libr_th=unina&proposto=NO